Glencoe Literature : The reader's choice

World Literature is a superb collection of short stories, poems, and plays from around the globe. This anthology is ideally suited for use as an integral part of the standard high school English curriculum or for a global literature elective. Content and activities provide valuable practice in prepa...

Descripción completa

Guardado en:
Detalles Bibliográficos
Formato: Libro
Lenguaje:Undetermined
Publicado: New York Glencoe/McGraw-Hill 2002
Materias:
Etiquetas: Agregar Etiqueta
Sin Etiquetas, Sea el primero en etiquetar este registro!
Thư viện lưu trữ: Trung tâm Học liệu Trường Đại học Cần Thơ
LEADER 01119nam a2200205Ia 4500
001 CTU_117123
008 210402s9999 xx 000 0 und d
082 |a 809 
082 |b G558w 
245 0 |a Glencoe Literature : 
245 4 |b The reader's choice 
245 0 |c Program consultants Berly Ann Chin ... [et al.] 
260 |a New York 
260 |b Glencoe/McGraw-Hill 
260 |c 2002 
520 |a World Literature is a superb collection of short stories, poems, and plays from around the globe. This anthology is ideally suited for use as an integral part of the standard high school English curriculum or for a global literature elective. Content and activities provide valuable practice in preparing high school students for college classes or for the Advanced Placement exam. World Literature can also be used in an English-social studies core program that focuses on the study of world cultures, or as the perfect literature supplement to a world history course! 
650 |a Literature 
650 |x History and criticism 
904 |i Giang 
980 |a Trung tâm Học liệu Trường Đại học Cần Thơ